000 01240nam0a22003011 4500
001 v19\rc\1645870
005 20260405235834.0
035 _a(NLR Aleph) 005240913
090 _a5703376
_c5703376
100 _a20061002e18871887|||y0rusy50 ca
101 1 _arus
_cfre
102 _aRU
105 _ay z |||||
200 1 _aХлороформирование, его неудобства, опасности и способы их предупреждения
_f[Соч.] G. Quivogne'я
_gПер. с фр. С. Груздева
210 _aСанкт-Петербург
_cтипо-лит. П.И. Шмидта
_d1887
215 _a[2], II, 56 с.
_d22
311 _aИз журн. "Междунар. клиника"
488 0 _12001#$aМеждународная клиника
_tМеждународная клиника
700 1 _aКивонь
_bГ.
702 1 _4730
_8rus
_7ca
_aГруздев
_bС. С.
_f1864-1936
_gСергей Сергеевич
_3RU\NLR\AUTH\77109432
_992357
801 0 _aRU
_bNLR
_c20061002
_gpsbo
801 0 _aRU
_bRuMoRGB
_c20061002
_2psbo
801 1 _aRU
_bProSoft-M
_c20061002
_2rusmarc
801 2 _aRU
_bNLR
_c20120404
_2rusmarc
852 _aNLR
_j18.320.6.42
852 _aNLR
_j130/8128
942 _cBOOK
980 _aNB